Ireland : Financial Sector Assessment Program: Technical Note-Banking Supervision and Update on the Assessment of Observance of the Basel Core Principles.

This Technical Note discusses the findings and recommendations made in the Financial Sector Assessment Program for Ireland in the areas of banking supervision and observance of the Basel core principles. The effective operational implementation of the Single Supervisory Mechanism (SSM) is well estab...

Ful tanımlama

Detaylı Bibliyografya
Müşterek Yazar: International Monetary Fund. Monetary and Capital Markets Department
Materyal Türü: Dergi
Dil:English
Baskı/Yayın Bilgisi: Washington, D.C. : International Monetary Fund, 2016.
Seri Bilgileri:IMF Staff Country Reports; Country Report ; No. 2016/318
Online Erişim:Full text available on IMF
LEADER 01904cas a2200241 a 4500
001 AALejournalIMF017155
008 230101c9999 xx r poo 0 0eng d
020 |c 5.00 USD 
020 |z 9781475542288 
022 |a 1934-7685 
040 |a BD-DhAAL  |c BD-DhAAL 
110 2 |a International Monetary Fund.  |b Monetary and Capital Markets Department. 
245 1 0 |a Ireland :   |b Financial Sector Assessment Program: Technical Note-Banking Supervision and Update on the Assessment of Observance of the Basel Core Principles. 
264 1 |a Washington, D.C. :  |b International Monetary Fund,  |c 2016. 
300 |a 1 online resource (29 pages) 
490 1 |a IMF Staff Country Reports 
500 |a <strong>Off-Campus Access:</strong> No User ID or Password Required 
500 |a <strong>On-Campus Access:</strong> No User ID or Password Required 
506 |a Electronic access restricted to authorized BRAC University faculty, staff and students 
520 3 |a This Technical Note discusses the findings and recommendations made in the Financial Sector Assessment Program for Ireland in the areas of banking supervision and observance of the Basel core principles. The effective operational implementation of the Single Supervisory Mechanism (SSM) is well established in Ireland, and all authorities are actively engaged and committed to the new supervisory framework led by the European Central Bank. The SSM has further strengthened the prudential regulation and supervision of banks since the time of the 2013 assessment. The transition to the operational implementation of the SSM has not resulted in major gaps in banking supervision, but some transitional challenges remain. 
538 |a Mode of access: Internet 
830 0 |a IMF Staff Country Reports; Country Report ;  |v No. 2016/318 
856 4 0 |z Full text available on IMF  |u http://elibrary.imf.org/view/journals/002/2016/318/002.2016.issue-318-en.xml  |z IMF e-Library